000
00285nam a2200109Ia 4500
005
20251222143213.0
008
251222s9999||||xx |||||||||||||| ||spa||
082
_a
370.7/C78
245
0
_a
Hacia la Calidad Educativa
264
_b
Colección Gerencia de Centros Educativos
942
_c
LIB
999
_c
13504
_d
13504